Statistický obraz ruské transformace. Hospodářský pokles se loni prohloubil, úvěrová infúze nevedla k oživení výrobní aktivity.

Priebeh hospodárskej reformy v Rusku od r. 1992. Vlastnícke vzťahy v ruskom priemysle a poľnohospodárstve. Financie a úver. Liberalizácia cien a peňažné príjmy. Demografická situácia a zamestnanosť. Priemyselná a poľnohospodárska výroba. Pokles zahraničného obchodu.

Guardado en:
Detalles Bibliográficos
Autor principal: Lavička, V.
Formato: Capítulo de libro
Lenguaje:checo
Materias:
Etiquetas: Agregar Etiqueta
Sin Etiquetas, Sea el primero en etiquetar este registro!

MARC

LEADER 00000naa a2200000 4500
001 r013366
005 20220824122752.8
041 0 |a cze 
044 |a SK 
245 1 0 |a Statistický obraz ruské transformace.  |b Hospodářský pokles se loni prohloubil, úvěrová infúze nevedla k oživení výrobní aktivity.  |c V. Lavička 
520 |a Priebeh hospodárskej reformy v Rusku od r. 1992. Vlastnícke vzťahy v ruskom priemysle a poľnohospodárstve. Financie a úver. Liberalizácia cien a peňažné príjmy. Demografická situácia a zamestnanosť. Priemyselná a poľnohospodárska výroba. Pokles zahraničného obchodu. 
610 2 0 |a transformácia 
610 2 0 |a reformy hospodárske 
610 2 0 |a údaje štatistické 
610 2 0 |a Rusko 
610 2 0 |a priemysel 
610 2 0 |a poľnohospodárstvo 
610 2 0 |a demografia 
610 2 0 |a zamestnanosť 
610 2 0 |a výroba priemyselná 
610 2 0 |a výroba poľnohospodárska 
610 2 0 |a obchod zahraničný 
100 1 |a Lavička, V.